01478nam a2200349 a 4500001001200000003000800012006001900020007001500039008004100054020001800095020001800113040002100131035002100152041001300173050002200186245013400208246004500342260006200387300001100449490005500460500009000515504005100605533015200656546003200808650002300840655002900863700002300892710005300915710001700968856012600985999001701111ebr10146833CaPaEBRm u cr cn|||||||||081106s1965 bcc sb 001 0 eng d z9780919494701 z9780774853255 aCaPaEBRcCaPaEBR a(OCoLC)6476046690 aengafre14aKZ21b.C36 1965eb04aThe Canadian yearbook of international lawh[electronic resource] :nVol. III,p1965 =bAnnuaire canadien de droit international.31aAnnuaire canadien de droit international aVancouver :bUniversity of British Columbia Press,c1965. a383 p.0 aCanadian yearbook of international law,x0069-0058 a"Published under the auspices of the Canadian Branch, International Law Association." aIncludes bibliographical references and index. aElectronic reproduction.bPalo Alto, Calif. :cebrary,d2009.nAvailable via World Wide Web.nAccess may be limited to ebrary affiliated libraries. aText in English and French. 0aInternational law. 7aElectronic books.2local1 aBourne, Charles B.2 aInternational Law Association.bCanadian Branch.2 aebrary, Inc.40uhttp://site.ebrary.com/lib/rucke/Doc?id=10146833zAn electronic book accessible through the World Wide Web; click to view c88493d88493